Phương ngữ Nam bộ trong truyện ngắn của Sơn Nam : Luận văn Thạc sĩ chuyên ngành Văn học Việt Nam

Đề tài khảo sát, phân tích đặc điểm, giá trị biểu đạt của phương ngữ nam bộ được vận dụng trong một số truyện ngắn của Sơn Nam nhằm tìm hiểu về đặc điểm cuộc sống sinh hoạt, văn hóa, phong tục tập quán, đặc điểm tính cách của ngươ...

وصف كامل

محفوظ في:
التفاصيل البيبلوغرافية
المؤلف الرئيسي: Nguyễn, Thị Tuyết Hoa
التنسيق: كتاب
اللغة:Undetermined
منشور في: Cần Thơ Trường Đại học Cần Thơ 2011
الموضوعات:
الوسوم: إضافة وسم
لا توجد وسوم, كن أول من يضع وسما على هذه التسجيلة!
Thư viện lưu trữ: Trung tâm Học liệu Trường Đại học Cần Thơ
LEADER 01401nam a2200229Ia 4500
001 CTU_171220
008 210402s9999 xx 000 0 und d
082 |a 495.9227 
082 |b H401 
088 |a 60220121 
100 |a Nguyễn, Thị Tuyết Hoa 
245 0 |a Phương ngữ Nam bộ trong truyện ngắn của Sơn Nam : 
245 0 |b Luận văn Thạc sĩ chuyên ngành Văn học Việt Nam 
245 0 |c Nguyễn Thị Tuyết Hoa ; Nguyễn Văn Nở (Hướng dẫn khoa học) 
260 |a Cần Thơ 
260 |b Trường Đại học Cần Thơ 
260 |c 2011 
520 |a Đề tài khảo sát, phân tích đặc điểm, giá trị biểu đạt của phương ngữ nam bộ được vận dụng trong một số truyện ngắn của Sơn Nam nhằm tìm hiểu về đặc điểm cuộc sống sinh hoạt, văn hóa, phong tục tập quán, đặc điểm tính cách của người dân nam bộ trong những năm đầu đi khai hoang mở đất. 
650 |a Văn học Việt Nam,Vietnamese literature,Vietnamese language,Tiếng Việt 
650 |x Lịch sử và phê bình,History and criticism,Dialects,Phương ngữ 
904 |i Trọng Hải 
980 |a Trung tâm Học liệu Trường Đại học Cần Thơ